Analysis of the relationship between grievance management and employees performance at Chibuluma and Luanshya mines (Record no. 34336)
[ view plain ]
| 000 -LEADER | |
|---|---|
| fixed length control field | 00740nam a2200169 a 4500 |
| 008 - FIXED-LENGTH DATA ELEMENTS--GENERAL INFORMATION | |
| fixed length control field | 160915s2015 ||||||||||||||||| || u |
| 050 ## - LIBRARY OF CONGRESS CALL NUMBER | |
| Classification number | CBU-PG THESIS/MOY |
| 100 ## - MAIN ENTRY--PERSONAL NAME | |
| Personal name | Moyo, Stephania |
| 245 10 - TITLE STATEMENT | |
| Title | Analysis of the relationship between grievance management and employees performance at Chibuluma and Luanshya mines |
| Statement of responsibility, etc. | by Stephania Moyo |
| 260 ## - PUBLICATION, DISTRIBUTION, ETC. | |
| Place of publication, distribution, etc. | Kitwe: |
| Name of publisher, distributor, etc. | Copperbelt University |
| Date of publication, distribution, etc. | 2015 |
| 300 ## - PHYSICAL DESCRIPTION | |
| Extent | xii, 107p.: ill. |
| 500 ## - GENERAL NOTE | |
| General note | Includes References |
| 650 ## - SUBJECT ADDED ENTRY--TOPICAL TERM | |
| Topical term or geographic name entry element | LABOUR GRIEVANCES |
| 650 ## - SUBJECT ADDED ENTRY--TOPICAL TERM | |
| Topical term or geographic name entry element | EMPLOYEES -- TRAINING OF |
| 650 ## - SUBJECT ADDED ENTRY--TOPICAL TERM | |
| Topical term or geographic name entry element | ORGANISATION CHANGE--MANAGEMENT |
| 995 ## - RECOMMENDATION 995 [LOCAL, UNIMARC FRANCE] | |
| -- | CBU-MAIN LIBRARY (Kitwe) |
| -- | 1 |
| -- | AVAILABLE |
| -- | Sep 15, 2016 |
| -- | Copperbelt University |
| -- | University Collection |
| Withdrawn status | Lost status | Source of classification or shelving scheme | Damaged status | Not for loan | Home library | Current library | Shelving location | Date acquired | Total Checkouts | Full call number | Barcode | Date last seen | Price effective from | Koha item type |
|---|---|---|---|---|---|---|---|---|---|---|---|---|---|---|
| CBU-MAIN LIBRARY, KITWE. | CBU-MAIN LIBRARY, KITWE. | 11/30/2022 | CBU-PG THESIS/MOY | B2342 | 11/30/2022 | 11/30/2022 | MONOGRAPH |